000 00540nam a2200205 a 4500
005 20140310183415.0
008 070907s19uu xx 00 eng d
020 _a1920744738
050 _aNC 997
_b.G475i 2004
100 _aGill, Bob
245 _aIllustration /
_cBob Gill
260 _aAustralia :
_bImages Publishing,
_c2004.
300 _a125 p. :
_bill. col. ;
_c22 cm.
521 _aMA
650 _aCommercial art.
650 _aGraphic arts.
650 _aIllustration of books.
942 _cBK
_2lcc
_kFOR
999 _c22556
_d22556